| 000 | 00825cab a2200241 4500 | ||
|---|---|---|---|
| 001 | WB3007-42 | ||
| 008 | 090401t1993 xxu||||| |||| 00| 0 eng d | ||
| 035 | _a(Sirsi) u71639 | ||
| 041 | _aeng | ||
| 245 | _aHunting ban illegal | ||
| 260 | _c1993 | ||
| 350 | _a0 | ||
| 490 |
_aIndependent _v16 February 1993, 29(1) |
||
| 520 | _aIn "R v Somerset CC ex parte Fewings and others" QBD 9 February 1994, a local authority decision to ban stag hunting on council land on moral and ethical grounds under Local Government Act 1972 s120(1)(b) was overturned. | ||
| 650 | _aBRITISH FIELD SPORTS SOCIETY | ||
| 650 | _aHUNTING | ||
| 650 | _aLEAGUE AGAINST CRUEL SPORTS | ||
| 650 | _aLOCAL AUTHORITIES | ||
| 650 | _aLOCAL GOVERNMENT ACT 1972 S120 | ||
| 690 | _aRURAL PRACTICE-CASE LAW | ||
| 942 | _n0 | ||
| 948 | _c04/03/1997 | ||
| 999 |
_c45191 _d45191 |
||